Life in the forest : by Hayley Mitchell Haugen

Bibliographic Details
Main Author: Haugen, Hayley Mitchell, 1968-
Format: Book
Published: USA : Thomson Gale , 2005.
Subjects:

MARC

LEADER 00000cam a2200000 7i4500
001 0000003975
005 20130213.0
020 0 0 |a 0737730503 
090 0 0 |a 577.3   |b HAY 
100 1 0 |a Haugen, Hayley Mitchell, 1968- 
245 1 0 |a Life in the forest :   |b by Hayley Mitchell Haugen 
260 0 0 |a USA :   |b Thomson Gale ,   |c 2005. 
300 |a 48p. :   |b ill., col ;   |c 24 cm. 
650 0 0 |a Forest ecology---Juvenile literature 
650 0 0 |a Forests and forestry---Juvenile literature 
999 |a 007781   |b Monograph   |c Open Shelf   |e Default branch